000
00306nam a2200121Ia 4500
008
190216s9999||||xx |||||||||||||| ||und||
100
_a
Gupta M C
245
0
_a
Statistical Thermodynamics
260
_b
New Age International Publishers
_c
1998
300
_a
507p
650
_a
Chemistry-Chemistry
942
_c
BK
999
_c
3015
_d
3015